000 01565nam a2200361 a 4500
001 0000374
003 DO-SdBNP
005 20180309130127.0
007 0000374
008 150817s2012 ac 000 spa d
020 _a9789945116250
040 _aBPMSU
_bspa
_cBPMSU
082 _a372.61
_bJ61e, 4to. 2012
100 _aJiménez Malena, Martha Ariza
245 1 0 _aEspañol 4 /
_beducación básica
_cMartha Ariza Jiménez Malena, María Isabel Incháustegui ; ilustración Ruddy Núñez ; dirección editorial Obdulia García de Escobar
260 _aSanto Domingo :
_bSantillana,
_c2012.
300 _av. :
_bil. retrs.
_c30 cm.
490 1 _aInnova
500 _aIncluye libro de texto y guía, recursos didácticos para el profesorado.
505 1 _tTrabajos de mi pueblo --
_tCuna de América --
_tUn lugar excepcional --
_tNuestros alimentos --
_tDestinos turísticos --
_tLa convivencia --
_tVisión de futuro --
_tEstampas dominicanas --
_tVivir en armonía --
_tHabía una vez... --
_tJuntos podemos --
_tEl arte de contar cuentos --
650 _aGRAMÁTICA
_xENSEÑANZA BÁSICA
650 _aGRAMÁTICA
_xEDUCACIÓN PRIMARIA
650 _aEDUCACIÓN PRIMARIA
_zREPÚBLICA DOMINICANA
650 _aGRAMÁTICA
_xLIBROS DE TEXTO
650 _aGRAMÁTICA
_xESTUDIOS Y EJERCICIOS
700 1 _aNúñez, Ruddy
_eil.
700 1 _aIncháustegui, María Isabel
700 1 _aGarcía de Escobar, Obdulia
_edir. ed.
830 0 _pInnova
942 _2ddc
_cBK
945 _aRemanejado para la BNPHU / 2018 BT
956 _aYngrid Lockward
_b10
999 _c10008
_d10008